The field of collective behavior /

में बचाया:
ग्रंथसूची विवरण
मुख्य लेखक: Turner, Ralph H.
अन्य लेखक: Killian, Lewis M.
स्वरूप: मूलपाठ
टैग: टैग जोड़ें
कोई टैग नहीं, इस रिकॉर्ड को टैग करने वाले पहले व्यक्ति बनें!

MARC

LEADER 00000 a a2200000 04500
001 43762
003
040
100 |a Turner, Ralph H.  
245 |a The field of collective behavior /  |c Ralph H. Turner ; Lewis M. Killian  
700 |a Killian, Lewis M.  
773 |g páginas 5-20  
999 |c 25437  |d 25437